| 000 | 00713nam a22002291a 4500 | ||
|---|---|---|---|
| 001 | 4574 | ||
| 003 | BD-RjUL | ||
| 005 | 20211208233921.0 | ||
| 008 | 131223s1952 enk 000 0 eng d | ||
| 035 | _a(BD-RjUL)4609 | ||
| 040 |
_aNAGD _beng _cNAGD _dVSC |
||
| 041 | _aeng | ||
| 082 | 0 | 4 |
_218 _a347.6 _bWIL 1952 |
| 100 | 1 |
_aWilliams, W. J. _q(William James) _914440 |
|
| 245 | 1 | 4 |
_aThe law relating to wills, with precedents of particular clauses and complete wills : _cby W. J. Williams. _nVolume I _pLaw of wills / |
| 260 |
_aLondon : _bButterworth, _c1952. |
||
| 300 |
_a2 v. ; _c26 cm. |
||
| 500 | _aIncludes index. | ||
| 650 | 0 |
_aSuccession. _914441 |
|
| 650 | 0 |
_aWills _zGreat Britain. _914442 |
|
| 942 |
_2ddc _cBK |
||
| 999 |
_c4574 _d4574 |
||